000 00469 a2200157 4500
999 _c9352
_d9352
020 _a9783319141909
050 _aK 3981 HEF 2015
100 _aHeffron, Raphael J.
245 _aEnergy law:
_ban introduction/
_cRaphael J. Heffron
264 _aCambridge:
_bCambridge University Press,
_c2015
300 _a72p.:
_bill. ( col.)
440 _aSpringer briefs in law
500 _aIncludes bibliographic references
650 _aEnergy law
942 _2lcc
_cBK
_h3981
_iHEF
_kK